| 000 | 01211cab a2200181 4500 | ||
|---|---|---|---|
| 001 | ##L132173 | ||
| 008 | 060117n2006 000 0 eng u | ||
| 035 | _a(Sirsi) u132173 | ||
| 041 | 0 | _aeng | |
| 100 | 1 | _aBlyth, Alex | |
| 245 | 0 | 0 | _aFuel for thought |
| 260 | _c2006 | ||
| 490 | 0 |
_aAccountancy _v137(1349) January 2006, 52-53(2) |
|
| 520 | _aEvidence shows that energy prices have doubled in the past 18 months, and British companies are suffering losses of around £1bn a year through failure to manage the energy buying process properly. The article suggests that the main reason for price increases is that global market for oil and gas has become increasingly competitive over the past three years. Legislation is also argued to have boosted prices in the UK. The process of companies achieving the best costs is evaluated by analysing bills and getting the best possible contract. Advice is also given as to ways in which consumption can be reduced via the use of energy saving light bulbs and new technologies available to help companies condense their energy spending. | ||
| 590 | _aIKA170106 | ||
| 690 | _aENVIRONMENTAL AND LAND CONSULTANCY-ENERGY-ENERGY USE-ENERGY EFFICIENCY | ||
| 942 | _n0 | ||
| 999 |
_c76346 _d76346 |
||